000 00325nam a22001457a 4500
008 211018b ||||| |||| 00| 0 eng d
020 _a01118303
041 _aeng
080 _23rd
_a330.722.6
082 _a330.722.6
100 _a62
101 _aKF
245 _aManagerial Accounting
_cGarrison,R.H
942 _2udc
_cBK
999 _c58239
_d58239